[Event "II Trofeo Vedior"]
[Site "Milano ITA"]
[Date "2003.04.26"]
[Round "1"]
[White "Bertazzo, Giorgio"]
[Black "Qendro, Llambi"]
[Result "0-1"]
[WhiteElo "2120"]
[BlackElo "2346"]
[PlyCount "52"]
[EventDate "2003.04.26"]

1. e4 d6 2. d4 Nf6 3. Nc3 g6 4. f4 Bg7 5. Nf3 O-O 6. Bd3 Nc6 7. e5 dxe5 8. dxe5
Nd5 9. Bd2 Bg4 10. Be4 e6 11. h3 Bf5 12. Nxd5 Bxe4 13. Nc3 Bxf3 14. Qxf3 Nd4
15. Qe4 Qh4+ 16. Kf1 Rad8 17. Be1 Qe7 18. g3 f6 19. exf6 Qxf6 20. Kg2 e5 21.
fxe5 Qxe5 22. Qxe5 Bxe5 23. Rc1 Nf5 24. Rg1 Bd4 25. Rh1 Ne3+ 26. Kh2 Bxc3 0-1

[Event "II Trofeo Vedior"]
[Site "Milano ITA"]
[Date "2003.04.27"]
[Round "2"]
[White "Di Fonzo, Valerio"]
[Black "Dragojlovic, Andjelko"]
[Result "0-1"]
[WhiteElo "2223"]
[BlackElo "2335"]
[PlyCount "84"]
[EventDate "2003.04.26"]

1. e4 c5 2. Nf3 a6 3. c3 g6 4. d4 cxd4 5. cxd4 d5 6. e5 Bg4 7. Be2 Nc6 8. Nc3
e6 9. O-O Nh6 10. Bg5 Qb6 11. Bf6 Rg8 12. Ng5 Bxe2 13. Nxe2 Nf5 14. Nf3 h5 15.
h4 Be7 16. Bxe7 Kxe7 17. Qd2 Kd7 18. Rfc1 Rgc8 19. Rc3 Qd8 20. g3 Rc7 21. Rac1
Rac8 22. Kg2 Ke8 23. b4 Nb8 24. a3 Rc4 25. Rxc4 dxc4 26. Nc3 b5 27. d5 exd5 28.
Nxd5 Nc6 29. Nf6+ Kf8 30. Qe2 Qe7 31. Rd1 Rd8 32. Rxd8+ Qxd8 33. Qe4 Nfd4 34.
Nxd4 Nxd4 35. Nd5 Ne6 36. f4 a5 37. Kh3 axb4 38. axb4 Qc8 39. Kg2 c3 40. Ne3
Qd8 41. Nc2 Qd2+ 42. Kf3 Qxc2 0-1

[Event "II Trofeo Vedior"]
[Site "Milano ITA"]
[Date "2003.04.27"]
[Round "2"]
[White "Lanzani, Mario"]
[Black "Bertazzo, Giorgio"]
[Result "1-0"]
[WhiteElo "2356"]
[BlackElo "2120"]
[PlyCount "61"]
[EventDate "2003.04.26"]

1. e4 c5 2. Nf3 d6 3. c3 Nf6 4. Bd3 e6 5. Bc2 Be7 6. d4 cxd4 7. cxd4 Nc6 8. Nc3
Bd7 9. O-O e5 10. d5 Nb4 11. Bb1 a5 12. h3 O-O 13. Be3 Qb8 14. Na4 Bd8 15. Nb6
Bxb6 16. Bxb6 Bb5 17. Re1 a4 18. Qd2 Na6 19. Nh4 Bd7 20. b4 axb3 21. axb3 Rc8
22. Bc2 Nc5 23. Rxa8 Qxa8 24. b4 Na6 25. Ra1 Qb8 26. Bd3 Nc7 27. f4 Nce8 28.
Kh2 Nc7 29. fxe5 dxe5 30. Ba7 Qa8 31. Bd4 1-0

[Event "II Trofeo Vedior"]
[Site "Milano ITA"]
[Date "2003.04.27"]
[Round "2"]
[White "Sanchez, Joseph"]
[Black "Qendro, Llambi"]
[Result "1-0"]
[WhiteElo "2342"]
[BlackElo "2346"]
[PlyCount "69"]
[EventDate "2003.04.26"]

1. e4 d6 2. d4 Nf6 3. Nc3 g6 4. Bg5 Bg7 5. Qd2 c6 6. f4 O-O 7. Bd3 Na6 8. Nf3
Bg4 9. O-O-O Nb4 10. h3 Bxf3 11. gxf3 Nh5 12. Ne2 Nxd3+ 13. Qxd3 f6 14. Bh4 Bh6
15. Kb1 Nxf4 16. Qe3 Nxe2 17. Qxh6 g5 18. Rh2 Nf4 19. Bg3 Ng6 20. h4 Rf7 21.
hxg5 Qf8 22. gxf6 Qxh6 23. Rxh6 Rxf6 24. f4 Kg7 25. Rdh1 Nf8 26. R6h3 Re6 27.
e5 Rg6 28. f5 Rg5 29. exd6 exd6 30. f6+ Kxf6 31. Bh4 Re8 32. Bxg5+ Kxg5 33.
Rg3+ Kf6 34. Rf1+ Ke7 35. Rg7+ 1-0

[Event "II Trofeo Vedior"]
[Site "Milano ITA"]
[Date "2003.04.27"]
[Round "2"]
[White "Sbarra, Marco"]
[Black "Contin, Daniel"]
[Result "0-1"]
[WhiteElo "2217"]
[BlackElo "2340"]
[PlyCount "122"]
[EventDate "2003.04.26"]

1. e4 e6 2. d4 d5 3. Nc3 Bb4 4. e5 c5 5. a3 Bxc3+ 6. bxc3 Ne7 7. h4 Nbc6 8. h5
Qa5 9. Bd2 Bd7 10. h6 gxh6 11. Nf3 O-O-O 12. Rxh6 Ng8 13. Rh4 f6 14. c4 Qc7 15.
cxd5 exd5 16. Bf4 Re8 17. Be2 Qa5+ 18. Kf1 Nge7 19. Bd2 Qc7 20. exf6 Nf5 21.
Bf4 Qa5 22. Rh5 Ncxd4 23. Nxd4 Nxd4 24. Bg4 Qb5+ 25. Kg1 Rhg8 26. Rg5 Rxg5 27.
Bxg5 Bxg4 28. Qxg4+ Qd7 29. Qxd7+ Kxd7 30. Rd1 b6 31. Rd3 Re1+ 32. Kh2 Ke6 33.
Rh3 Re2 34. Rxh7 Rxf2 35. Kg3 Rf1 36. Kg4 Nc6 37. Rc7 Ne5+ 38. Kh5 Rf2 39. Re7+
Kd6 40. g3 Rh2+ 41. Bh4 Rxc2 42. g4 Rc3 43. g5 Rh3 44. Rxe5 Kxe5 45. f7 Rf3 46.
g6 Ke6 47. Kh6 Rxf7 48. gxf7 Kxf7 49. Kg5 Ke6 50. Kf4 Kd6 51. Be1 Kc6 52. a4 b5
53. axb5+ Kxb5 54. Ke3 Kc4 55. Ba5 d4+ 56. Kd2 Kb5 57. Bd8 a5 58. Kc2 a4 59.
Bf6 Kc4 60. Kb2 Kd3 61. Bg7 Ke2 0-1

[Event "II Trofeo Vedior"]
[Site "Milano ITA"]
[Date "2003.04.28"]
[Round "3"]
[White "Castaldo, Folco"]
[Black "Sbarra, Marco"]
[Result "1/2-1/2"]
[WhiteElo "2328"]
[BlackElo "2217"]
[PlyCount "41"]
[EventDate "2003.04.26"]

1. Nf3 d5 2. d4 e6 3. c4 c5 4. cxd5 exd5 5. Nc3 Nc6 6. Bf4 Nf6 7. e3 cxd4 8.
Nxd4 Bb4 9. Be2 Ne4 10. Rc1 O-O 11. O-O Bxc3 12. bxc3 Qa5 13. c4 Nc3 14. Rxc3
Qxc3 15. Nb5 Qa5 16. Nc7 Rb8 17. cxd5 Nb4 18. Qb3 Qxa2 19. Qxb4 Qxe2 20. Nb5
Ra8 21. Nc7 1/2-1/2

[Event "II Trofeo Vedior"]
[Site "Milano ITA"]
[Date "2003.04.28"]
[Round "3"]
[White "Contin, Daniel"]
[Black "Di Fonzo, Valerio"]
[Result "1-0"]
[WhiteElo "2340"]
[BlackElo "2223"]
[PlyCount "111"]
[EventDate "2003.04.26"]

1. c4 e5 2. Nc3 Nc6 3. g3 g6 4. Bg2 Bg7 5. e3 d6 6. Nge2 Nge7 7. d3 O-O 8. Rb1
a5 9. O-O Be6 10. Nd5 Qd7 11. Nec3 Bg4 12. Qd2 Nxd5 13. Nxd5 Ra7 14. b3 Ne7 15.
Nc3 c6 16. Ba3 Nc8 17. Bb2 Bh3 18. Bxh3 Qxh3 19. f4 f5 20. Ne2 b6 21. d4 Re7
22. dxe5 dxe5 23. c5 b5 24. fxe5 Bxe5 25. Nf4 Qh6 26. Qxa5 Bxb2 27. Rxb2 Rxe3
28. Rd2 Qg7 29. Rfd1 Re7 30. Rd8 Qe5 31. Rxf8+ Kxf8 32. Qd8+ Re8 33. Qd4 Qxd4+
34. Rxd4 Ke7 35. a4 bxa4 36. bxa4 Rd8 37. Rxd8 Kxd8 38. Kf2 Ke7 39. Ke3 g5 40.
Nd3 Ke6 41. Kd4 Na7 42. h3 h6 43. Ne5 Kf6 44. Nf3 Ke6 45. Ne5 Kf6 46. Nd3 Ke6
47. h4 Kf6 48. h5 Ke6 49. Kc4 Nc8 50. Kd4 Na7 51. Ne5 Kf6 52. Nf3 g4 53. Ne1
Kg5 54. Ke5 Kxh5 55. Kxf5 Nc8 56. Kf6 1-0

[Event "II Trofeo Vedior"]
[Site "Milano ITA"]
[Date "2003.04.29"]
[Round "4"]
[White "Di Fonzo, Valerio"]
[Black "Castaldo, Folco"]
[Result "1/2-1/2"]
[WhiteElo "2223"]
[BlackElo "2328"]
[PlyCount "40"]
[EventDate "2003.04.26"]

1. e4 e6 2. d4 d5 3. Nc3 Nc6 4. Nf3 Nf6 5. exd5 exd5 6. Bf4 a6 7. Ne5 Bd6 8.
Nxc6 bxc6 9. Bxd6 cxd6 10. Qd3 O-O 11. Be2 Qb6 12. Rb1 a5 13. O-O Ba6 14. Qd1
Bxe2 15. Nxe2 Rfe8 16. c3 Ne4 17. f3 Nf6 18. Ng3 Re6 19. Qd2 Rae8 20. b3 Qd8
1/2-1/2

[Event "II Trofeo Vedior"]
[Site "Milano ITA"]
[Date "2003.04.29"]
[Round "4"]
[White "Sanchez, Joseph"]
[Black "Lanzani, Mario"]
[Result "1/2-1/2"]
[WhiteElo "2342"]
[BlackElo "2356"]
[PlyCount "94"]
[EventDate "2003.04.26"]

1. e4 e5 2. f4 exf4 3. Nf3 g5 4. h4 g4 5. Ne5 d6 6. Nxg4 Be7 7. d4 Bxh4+ 8. Nf2
Qg5 9. Qf3 Bg3 10. Nc3 Nf6 11. Bd2 Ng4 12. Qxg3 fxg3 13. Bxg5 gxf2+ 14. Kd2 f6
15. Bf4 Nc6 16. Nd5 Kd8 17. c3 Ne7 18. Nxe7 Kxe7 19. Be2 h5 20. Rh4 Be6 21. d5
Bf7 22. Bf3 Bg6 23. Rah1 Kf7 24. Ke2 Rhe8 25. Rxh5 Bxh5 26. Rxh5 Ne5 27. Rh7+
Kg6 28. Rxc7 Nxf3 29. gxf3 f5 30. Kxf2 fxe4 31. fxe4 Rxe4 32. Kf3 Re1 33. Bxd6
Rd8 34. Bg3 Rf8+ 35. Kg4 Re4+ 36. Kh3 Rh8+ 37. Kg2 Re2+ 38. Kf3 Rxb2 39. d6 Rd8
40. Ke3 Rg2 41. Bf4 Kf5 42. Rxb7 Rxa2 43. Rb5+ Ke6 44. Re5+ Kf6 45. Rc5 Ke6 46.
Re5+ Kf6 47. Rc5 Ke6 1/2-1/2

[Event "II Trofeo Vedior"]
[Site "Milano ITA"]
[Date "2003.04.30"]
[Round "5"]
[White "Bertazzo, Giorgio"]
[Black "Di Fonzo, Valerio"]
[Result "1/2-1/2"]
[WhiteElo "2120"]
[BlackElo "2223"]
[PlyCount "22"]
[EventDate "2003.04.26"]

1. e4 b6 2. d4 Bb7 3. Nc3 e6 4. a3 d6 5. Nf3 Nd7 6. Bd3 g6 7. Bg5 f6 8. Be3 Bh6
9. Qd2 Bxe3 10. Qxe3 c6 11. O-O-O Qe7 1/2-1/2

[Event "II Trofeo Vedior"]
[Site "Milano ITA"]
[Date "2003.04.30"]
[Round "5"]
[White "Castaldo, Folco"]
[Black "Dragojlovic, Andjelko"]
[Result "1-0"]
[WhiteElo "2328"]
[BlackElo "2335"]
[PlyCount "83"]
[EventDate "2003.04.26"]

1. Nf3 Nf6 2. c4 g6 3. Nc3 d5 4. Qa4+ Bd7 5. Qb3 dxc4 6. Qxc4 Bg7 7. e4 O-O 8.
e5 Ne8 9. d4 c6 10. Be3 Nc7 11. h4 b5 12. Qd3 h5 13. Qd2 Bg4 14. Bd3 Ne6 15.
Be4 b4 16. Ne2 a5 17. Ng5 Nxg5 18. hxg5 Qd7 19. Rc1 Rd8 20. Qc2 Be6 21. Nf4 Bd5
22. Bxd5 cxd5 23. e6 Qd6 24. Rh3 b3 25. axb3 Na6 26. exf7+ Kxf7 27. Rf3 Ke8 28.
Nxg6 Rac8 29. Qf5 Rxc1+ 30. Bxc1 Bxd4 31. Bf4 Qc6 32. Be3 Bxb2 33. Qf7+ Kd7 34.
Nxe7 Qe6 35. Nxd5+ Qxf7 36. Rxf7+ Ke6 37. Ra7 Rxd5 38. Rxa6+ Kf5 39. Ke2 Bc3
40. Rc6 Bb4 41. Rf6+ Ke5 42. Rh6 1-0

[Event "II Trofeo Vedior"]
[Site "Milano ITA"]
[Date "2003.04.30"]
[Round "5"]
[White "Lanzani, Mario"]
[Black "Astengo, Corrado"]
[Result "1-0"]
[WhiteElo "2356"]
[BlackElo "2165"]
[PlyCount "95"]
[EventDate "2003.04.26"]

1. e4 e6 2. d4 d5 3. Nc3 Nc6 4. Nf3 Nf6 5. e5 Ne4 6. Bd3 Nxc3 7. bxc3 Be7 8. h4
b6 9. Ng5 Bxg5 10. hxg5 Qe7 11. g6 fxg6 12. Qg4 Kd7 13. Bxg6 Ba6 14. Bd3 Bxd3
15. cxd3 Raf8 16. Rh3 Rf5 17. Qe2 Rhf8 18. Be3 Qa3 19. Qc2 h6 20. Kf1 R5f7 21.
Kg1 Ne7 22. Rf1 Nf5 23. Bc1 Qa5 24. Rf3 g5 25. g4 Nh4 26. Rxf7+ Rxf7 27. f4
gxf4 28. Rxf4 Nf3+ 29. Kf2 Ng5 30. Rxf7+ Nxf7 31. Kg3 Qa6 32. Kh4 c6 33. Qf2
Nd8 34. Qe2 Nf7 35. Qf3 Nd8 36. Kh5 Qxa2 37. Kxh6 Qh2+ 38. Kg6 a5 39. Bg5 Qh8
40. Qf6 Qe8+ 41. Kg7 a4 42. Qf8 c5 43. Qxe8+ Kxe8 44. dxc5 bxc5 45. Bc1 Nc6 46.
Kf6 Kd7 47. g5 d4 48. cxd4 1-0

[Event "II Trofeo Vedior"]
[Site "Milano ITA"]
[Date "2003.04.30"]
[Round "5"]
[White "Qendro, Llambi"]
[Black "Sbarra, Marco"]
[Result "1-0"]
[WhiteElo "2346"]
[BlackElo "2217"]
[PlyCount "119"]
[EventDate "2003.04.26"]

1. d4 d5 2. c4 e6 3. cxd5 exd5 4. Nc3 c5 5. Nf3 Nc6 6. Bg5 Be7 7. Bxe7 Ngxe7 8.
e3 cxd4 9. Nxd4 Qb6 10. Nb3 Be6 11. Bb5 O-O 12. Bxc6 Nxc6 13. O-O Rad8 14. Na4
Qb4 15. Nd4 Nxd4 16. Qxd4 Qxd4 17. exd4 b6 18. Rac1 Rc8 19. b3 Rxc1 20. Rxc1
Rc8 21. Rxc8+ Bxc8 22. Nc3 Bb7 23. f3 Kf8 24. Kf2 Ke7 25. Ke3 Bc6 26. Ne2 g5
27. f4 f6 28. Ng1 h6 29. Nf3 Be8 30. fxg5 hxg5 31. h4 gxh4 32. Nxh4 Ke6 33. Kf4
Bb5 34. Ke3 Be8 35. g3 Bh5 36. Ng2 Kf5 37. Nf4 Bf7 38. Kf3 Kg5 39. Nh3+ Kf5 40.
g4+ Ke6 41. Nf4+ Kd6 42. Kg3 Be8 43. Kh4 Bf7 44. g5 fxg5+ 45. Kxg5 Be8 46. Kf6
Bb5 47. Ng6 Be8 48. Ne7 a5 49. Nf5+ Kc6 50. Ke5 b5 51. Ne7+ Kd7 52. Nxd5 Bf7
53. Nf6+ Kd8 54. d5 a4 55. b4 a3 56. Ne4 Bg6 57. Kd4 Kc7 58. Nc3 Kb6 59. Ke5
Bd3 60. Ke6 1-0

[Event "II Trofeo Vedior"]
[Site "Milano ITA"]
[Date "2003.05.01"]
[Round "6"]
[White "Contin, Daniel"]
[Black "Castaldo, Folco"]
[Result "0-1"]
[WhiteElo "2340"]
[BlackElo "2328"]
[PlyCount "90"]
[EventDate "2003.04.26"]

1. c4 e5 2. Nc3 Nf6 3. Nf3 Nc6 4. e3 Bb4 5. Qc2 Bxc3 6. Qxc3 Qe7 7. a3 a5 8. b3
d5 9. cxd5 Nxd5 10. Qb2 O-O 11. d3 Bg4 12. Be2 Rad8 13. O-O f5 14. h3 Bxf3 15.
Bxf3 e4 16. dxe4 fxe4 17. Be2 Ne5 18. b4 Rf6 19. Rd1 c6 20. Qd4 Rdf8 21. Rf1
Nf3+ 22. Bxf3 exf3 23. g3 Rh6 24. h4 Qe6 25. Bb2 Nf6 26. Kh2 Rg6 27. Rad1 Ng4+
28. Kg1 Nxe3 29. Qxe3 Qh3 30. Qb3+ Re6 31. Qxe6+ Qxe6 32. Kh2 axb4 33. axb4 h6
34. Rfe1 Qb3 35. Ba1 Qf7 36. Re4 Qf5 37. Rdd4 Ra8 38. Bc3 Ra2 39. g4 Rxf2+ 40.
Kh3 Qb5 41. Rd8+ Kh7 42. Bxg7 Re2 43. Rf4 Rh2+ 44. Kg3 Rg2+ 45. Kh3 Qf1 0-1

[Event "II Trofeo Vedior"]
[Site "Milano ITA"]
[Date "2003.05.01"]
[Round "6"]
[White "Dragojlovic, Andjelko"]
[Black "Bertazzo, Giorgio"]
[Result "1-0"]
[WhiteElo "2335"]
[BlackElo "2120"]
[PlyCount "83"]
[EventDate "2003.04.26"]

1. e4 c5 2. Nf3 e6 3. c3 d5 4. exd5 Qxd5 5. Na3 a6 6. d4 cxd4 7. Nc4 Qd8 8.
Qxd4 Qxd4 9. Nxd4 Nd7 10. a4 Be7 11. Bf4 Ngf6 12. Nd6+ Kf8 13. Nc4 Nd5 14. Bg3
h5 15. h4 g6 16. Be2 Kg7 17. O-O Rd8 18. Bf3 Bc5 19. Rfd1 N7f6 20. a5 Ba7 21.
Ne5 Kg8 22. Rd2 Bb8 23. Rad1 Re8 24. Nc2 Ne7 25. Rd8 Kf8 26. Nc4 Bxg3 27. fxg3
Nc6 28. Bxc6 bxc6 29. Nb6 Rb8 30. c4 Ke7 31. Rxe8+ Kxe8 32. b4 Bb7 33. Ne1 Rd8
34. Rxd8+ Kxd8 35. Nd3 Nd7 36. Kf2 Kc7 37. Ke3 Bc8 38. Nxd7 Bxd7 39. Ne5 Be8
40. g4 hxg4 41. Nxg4 c5 42. bxc5 1-0

[Event "II Trofeo Vedior"]
[Site "Milano ITA"]
[Date "2003.05.01"]
[Round "6"]
[White "Sanchez, Joseph"]
[Black "Astengo, Corrado"]
[Result "1-0"]
[WhiteElo "2342"]
[BlackElo "2165"]
[PlyCount "63"]
[EventDate "2003.04.26"]

1. e4 e6 2. d4 d5 3. Nc3 Nc6 4. Nf3 Nf6 5. e5 Ne4 6. Bd3 Nxc3 7. bxc3 Be7 8. h4
h6 9. Nd2 b6 10. Qg4 Bf8 11. h5 Bb7 12. f4 Ne7 13. a4 a5 14. O-O Qd7 15. Nf3
Ba6 16. Bxa6 Rxa6 17. Nh4 Nf5 18. Nf3 c5 19. Qh3 cxd4 20. cxd4 Bb4 21. g4 Bc3
22. gxf5 Bxa1 23. fxe6 fxe6 24. f5 O-O 25. fxe6 Qe7 26. Qg4 Kh7 27. c4 dxc4 28.
d5 Qc5+ 29. Kg2 Qxd5 30. e7 Raa8 31. exf8=Q Rxf8 32. Ba3 1-0

[Event "II Trofeo Vedior"]
[Site "Milano ITA"]
[Date "2003.05.01"]
[Round "6"]
[White "Sbarra, Marco"]
[Black "Lanzani, Mario"]
[Result "1/2-1/2"]
[WhiteElo "2217"]
[BlackElo "2356"]
[PlyCount "70"]
[EventDate "2003.04.26"]

1. e4 c6 2. Nc3 d5 3. Nf3 dxe4 4. Nxe4 Nf6 5. Nxf6+ exf6 6. d4 Bd6 7. Be2 O-O
8. O-O Re8 9. Re1 Be6 10. Be3 Nd7 11. Qd2 Nf8 12. Bf4 Bxf4 13. Qxf4 Bd5 14. Qd2
Ne6 15. c3 Qd6 16. g3 c5 17. dxc5 Qxc5 18. Nd4 Rad8 19. Rad1 Qb6 20. b3 Ng5 21.
h4 Ne4 22. Qb2 Nc5 23. Bf1 Rxe1 24. Rxe1 Ne6 25. Bg2 Bxg2 26. Kxg2 Nxd4 27.
cxd4 h5 28. Qc3 Qxd4 29. Qxd4 Rxd4 30. Re8+ Kh7 31. Re7 Rb4 32. Rxf7 a5 33. Rd7
a4 34. bxa4 Rxa4 35. Rxb7 Rxa2 1/2-1/2

[Event "II Trofeo Vedior"]
[Site "Milano ITA"]
[Date "2003.05.02"]
[Round "7"]
[White "Castaldo, Folco"]
[Black "Sanchez, Joseph"]
[Result "0-1"]
[WhiteElo "2328"]
[BlackElo "2342"]
[PlyCount "128"]
[EventDate "2003.04.26"]

1. Nf3 d5 2. d4 c6 3. c4 Nf6 4. e3 Bf5 5. Nc3 e6 6. Nh4 Be4 7. f3 Bg6 8. Nxg6
hxg6 9. Bd3 Qc7 10. f4 Nbd7 11. Bd2 c5 12. cxd5 exd5 13. O-O c4 14. Be2 Be7 15.
Bf3 Qc6 16. b3 Nb6 17. Qe2 O-O 18. e4 dxe4 19. Nxe4 Nxe4 20. Qxe4 Qxe4 21. Bxe4
Bf6 22. Bc3 Rad8 23. Bxb7 Bxd4+ 24. Bxd4 Rxd4 25. Rac1 Rb8 26. Ba6 cxb3 27.
axb3 Nd5 28. Bc4 Nxf4 29. g3 Nd5 30. Bxd5 Rxd5 31. Rc7 Rf5 32. Ra1 a5 33. Ra7
Rbb5 34. Rf1 Rxf1+ 35. Kxf1 g5 36. Kg2 g4 37. h3 Rxb3 38. hxg4 Rb5 39. Kh3 f6
40. Kh4 Kf8 41. Kh3 Rg5 42. Kg2 Ke8 43. Kf3 Kd8 44. Kf4 Kc8 45. Re7 Kb8 46. Re1
a4 47. Ra1 Ra5 48. Ra3 Kb7 49. Ke4 Kc6 50. Kd3 Kd5 51. g5 fxg5 52. Kc3 Ke4 53.
Kb2 Kf5 54. Rc3 a3+ 55. Ka2 Kg4 56. Rb3 Kh3 57. Rc3 g4 58. Rd3 g5 59. Ka1 Rf5
60. Rxa3 Rf3 61. Ra5 Rb3 62. Ka2 Rxg3 63. Rxg5 Rc3 64. Kb2 Rc8 0-1

[Event "II Trofeo Vedior"]
[Site "Milano ITA"]
[Date "2003.05.02"]
[Round "7"]
[White "Lanzani, Mario"]
[Black "Di Fonzo, Valerio"]
[Result "1/2-1/2"]
[WhiteElo "2356"]
[BlackElo "2223"]
[PlyCount "53"]
[EventDate "2003.04.26"]

1. Nf3 Nf6 2. c4 g6 3. Nc3 Bg7 4. e4 d6 5. d4 O-O 6. Be2 e5 7. dxe5 dxe5 8.
Qxd8 Rxd8 9. Bg5 Re8 10. Nd5 Nxd5 11. cxd5 c6 12. Bc4 cxd5 13. Bxd5 Na6 14.
O-O-O Nc7 15. Bb3 Be6 16. Bxe6 Nxe6 17. Be3 Red8 18. Rxd8+ Rxd8 19. Rd1 Rxd1+
20. Kxd1 a6 21. Kc2 Kf8 22. Kb3 Ke8 23. Ka4 Kd7 24. Ka5 Kc6 25. Ng5 Nxg5 26.
Bxg5 f5 27. exf5 1/2-1/2

[Event "II Trofeo Vedior"]
[Site "Milano ITA"]
[Date "2003.05.02"]
[Round "7"]
[White "Qendro, Llambi"]
[Black "Dragojlovic, Andjelko"]
[Result "1-0"]
[WhiteElo "2346"]
[BlackElo "2335"]
[PlyCount "49"]
[EventDate "2003.04.26"]

1. d4 Nf6 2. c4 g6 3. Nc3 c5 4. d5 d6 5. Nf3 Bg7 6. h3 O-O 7. e4 b5 8. cxb5 a6
9. a4 axb5 10. Bxb5 Ba6 11. Bg5 h6 12. Bxf6 Bxf6 13. O-O Nd7 14. Qe2 Qa5 15.
Ra3 Nb6 16. e5 Bg7 17. Rd1 Rfb8 18. Ne4 Nc8 19. Nc3 Nb6 20. Ne4 Bxb5 21. axb5
Qb4 22. Rxa8 Rxa8 23. exd6 exd6 24. Nxd6 c4 25. Nxf7 1-0

[Event "II Trofeo Vedior"]
[Site "Milano ITA"]
[Date "2003.05.03"]
[Round "8"]
[White "Castaldo, Folco"]
[Black "Bertazzo, Giorgio"]
[Result "1-0"]
[WhiteElo "2328"]
[BlackElo "2120"]
[PlyCount "47"]
[EventDate "2003.04.26"]

1. Nf3 b5 2. e4 Bb7 3. Bxb5 Bxe4 4. O-O Nf6 5. d4 e6 6. c4 Bb7 7. Nc3 Be7 8.
Ba4 O-O 9. d5 a5 10. Re1 Na6 11. Bf4 exd5 12. cxd5 Bb4 13. Bc2 Bxc3 14. bxc3
Bxd5 15. Bg5 Be6 16. Qd3 Nc5 17. Qd4 d6 18. Qh4 h6 19. Bxh6 gxh6 20. Qxh6 Ncd7
21. Ng5 Ne5 22. Bh7+ Kh8 23. Bf5+ Kg8 24. Nxe6 1-0

[Event "II Trofeo Vedior"]
[Site "Milano ITA"]
[Date "2003.05.03"]
[Round "8"]
[White "Di Fonzo, Valerio"]
[Black "Astengo, Corrado"]
[Result "1/2-1/2"]
[WhiteElo "2223"]
[BlackElo "2165"]
[PlyCount "21"]
[EventDate "2003.04.26"]

1. e4 e5 2. f4 exf4 3. Bc4 Nf6 4. Nc3 Be7 5. Nf3 c6 6. d4 d5 7. exd5 cxd5 8.
Bb5+ Bd7 9. Bxd7+ Nbxd7 10. Bxf4 O-O 11. O-O 1/2-1/2

[Event "II Trofeo Vedior"]
[Site "Milano ITA"]
[Date "2003.05.03"]
[Round "8"]
[White "Dragojlovic, Andjelko"]
[Black "Lanzani, Mario"]
[Result "1/2-1/2"]
[WhiteElo "2335"]
[BlackElo "2356"]
[PlyCount "27"]
[EventDate "2003.04.26"]

1. e4 e5 2. Nc3 Nf6 3. g3 d5 4. exd5 Nxd5 5. Bg2 Nxc3 6. bxc3 Bc5 7. Nf3 Nc6 8.
O-O O-O 9. Re1 Qf6 10. d3 Bg4 11. h3 Bh5 12. g4 Bg6 13. Bg5 Qd6 14. Nd2 1/2-1/2

[Event "II Trofeo Vedior"]
[Site "Milano ITA"]
[Date "2003.05.04"]
[Round "9"]
[White "Astengo, Corrado"]
[Black "Dragojlovic, Andjelko"]
[Result "1/2-1/2"]
[WhiteElo "2165"]
[BlackElo "2335"]
[PlyCount "23"]
[EventDate "2003.04.26"]

1. e4 c5 2. Nf3 Nc6 3. d4 cxd4 4. Nxd4 g6 5. Nc3 Bg7 6. Be3 Nf6 7. Nxc6 bxc6 8.
Bc4 O-O 9. O-O Nxe4 10. Nxe4 d5 11. Bd3 dxe4 12. Bxe4 1/2-1/2

[Event "II Trofeo Vedior"]
[Site "Milano ITA"]
[Date "2003.05.04"]
[Round "9"]
[White "Lanzani, Mario"]
[Black "Contin, Daniel"]
[Result "1/2-1/2"]
[WhiteElo "2356"]
[BlackElo "2340"]
[PlyCount "37"]
[EventDate "2003.04.26"]

1. e4 c6 2. d4 d5 3. Nd2 dxe4 4. Nxe4 Bf5 5. Ng3 Bg6 6. h4 h6 7. h5 Bh7 8. Nf3
Nd7 9. Bd3 Bxd3 10. Qxd3 e6 11. Bd2 Ngf6 12. O-O-O Qc7 13. Ne4 Nxe4 14. Qxe4
Nf6 15. Qe2 Bd6 16. Ne5 O-O-O 17. Nd3 Kb8 18. Kb1 Ka8 19. c4 1/2-1/2

[Event "II Trofeo Vedior"]
[Site "Milano ITA"]
[Date "2003.05.04"]
[Round "9"]
[White "Sbarra, Marco"]
[Black "Di Fonzo, Valerio"]
[Result "1/2-1/2"]
[WhiteElo "2217"]
[BlackElo "2223"]
[PlyCount "30"]
[EventDate "2003.04.26"]

1. d4 Nf6 2. c4 g6 3. Nc3 d5 4. Bg5 Ne4 5. Nf3 Bg7 6. cxd5 Nxg5 7. Nxg5 e6 8.
Nf3 exd5 9. e3 O-O 10. Bd3 c6 11. h3 Qf6 12. O-O Bf5 13. b4 Bxd3 14. Qxd3 a6
15. Na4 Nd7 1/2-1/2